书目信息 |
| 题名: |
历代书信选
|
|
| 作者: | 叶幼明 著 | |
| 分册: | ||
| 出版信息: | 长沙 湖南人民出版社 1980 |
|
| 页数: | 505页 | |
| 开本: | 19cm | |
| 丛书名: | 中国古典文学作品欣赏丛书 | |
| 单 册: | ||
| 中图分类: | I262 , I206 | |
| 科图分类: | ||
| 主题词: | 书信集--中国--古代 , 文学--中国 | |
| 电子资源: | ||
| ISBN: | ||
| 000 | 00724nam2 2200277 45 | |
| 001 | 1549082938 | |
| 005 | 20150117133839.43 | |
| 010 | @dCNY1.21 | |
| 091 | @aCN@b10109.1317 | |
| 100 | @a19950626d1980 em y0chiy0121 ea | |
| 101 | 0 | @achi |
| 102 | @aCN@b430000 | |
| 105 | @ay z 000ey | |
| 200 | 10 | @a历代书信选@Ali dai shu xin xuan@f叶幼明著 |
| 210 | @a长沙@c湖南人民出版社@d1980 | |
| 215 | @a505页@d19cm | |
| 225 | 2 | @a中国古典文学作品欣赏丛书 |
| 410 | 0 | @120010@a中国古典文学作品欣赏丛书 |
| 606 | @a书信集@y中国@z古代 | |
| 606 | 0 | @a文学@x中国 |
| 690 | @aI262@v3 | |
| 690 | @aI206@v4 | |
| 701 | 0 | @a叶幼明@Aye you ming@4著 |
| 801 | 0 | @aCN@bTSSF@c20150117 |
| 801 | 2 | @aCN@bNLC |
| 905 | @aZUCC@dI206@eJY37 | |
| 历代书信选/叶幼明著.-长沙:湖南人民出版社,1980 |
| 505页;19cm.-(中国古典文学作品欣赏丛书) |
| ISBN :CNY1.21 |
| ● |
| 相关链接 |
|
|
|
|
正题名:历代书信选
索取号:I206/JY37
 
预约/预借
| 序号 | 登录号 | 条形码 | 馆藏地/架位号 | 状态 | 备注 |
| 1 | 7852539 | 278525393 | 学院路分馆/ [索取号:I206/JY37] | 在馆 |